000 00894cam a22002657a 4500
005 20220329141253.0
008 971010s1989 r 00010 d
010 _a65500
011 _a66472
035 _a74646
082 _a633.11
_bR3
100 0 0 _aRajaram, Sanjaya.
_993772
245 0 _aResultados del 23 Ensayo Internacional de Rendimiento de Trigos Harineros de Primavera (ISWYN) 1986-87
260 _aEl Batán, Méx. :
_bCIMMYT,
_c1989
300 _a88 p.
590 _aBATCH-UPD
_b10
_c20130110
_lUCH01
_h1413
590 _aBATCH-UPD
_b10
_c20130410
_lUCH01
_h0858
590 _aBATCH-UPD
_b10
_c20130914
_lUCH01
_h2024
590 _aCONVERSION
_b10
_c20130109
_lUCH01
_h1336
650 1 4 _aTrigo
_xInvestigación.
_9115046
650 1 4 _aTrigo
_xProductos.
_9115083
650 1 4 _aTrigo
_xRendimiento.
_9115092
901 _aBK
949 _a633.11 R3
_bPA
_cLIBRO
_d-7530
_eLIBRO
_h1832
_i74646
_si
999 _c65500
_d65500